| 000 | 01565nam a2200505 i 4500 | ||
|---|---|---|---|
| 001 | 45149 | ||
| 003 | KOSZ 005 | ||
| 005 | 20211206090758.0 | ||
| 008 | 050204s2004 pl a |001 0 pol | ||
| 015 | _aUWD 2005/2851 | ||
| 020 | _a8372434115 | ||
| 035 | _a991024716339705066 | ||
| 035 | _a(PL-WaBN)b16742254-48omnis_nlop | ||
| 035 | _ab16742254 | ||
| 035 | _a(OCoLC)749518080 | ||
| 035 | _azz2004951872 | ||
| 035 | _a(PL)b0000001674225 | ||
| 035 | _a(EXLNZ-48OMNIS_NETWORK)9910070740705606 | ||
| 040 |
_aWA N _cWA N _dKOSZ 005/HR |
||
| 041 | 1 |
_apol _heng |
|
| 046 | _k2004 | ||
| 080 | _a004.438 | ||
| 080 | _a(07) | ||
| 100 | 1 |
_aAbel, Peter _d(1932- ) _eAutor |
|
| 245 | 1 | 0 |
_aAsembler IBM PC / _cPeter Abel ; [tł. Katarzyna Tryc]. |
| 260 |
_aWarszawa : _b"RM", _c2004. |
||
| 300 |
_aXVI, 584 s. : _brys. ; _c24 cm. |
||
| 336 |
_aTekst _btxt _2rdacontent |
||
| 337 |
_aBez urządzenia pośredniczącego _bn _2rdamedia |
||
| 338 |
_aWolumin _bnc _2rdacarrier |
||
| 380 | _aKsiążki | ||
| 388 | _a2001- | ||
| 490 | 1 | _aProgramowanie | |
| 500 | _aTyt. oryg.: "Asembler IBM PC" 2001. | ||
| 504 | _aIndeks. | ||
| 650 | 7 |
_aAsemblery _2DBN |
|
| 655 | 7 |
_aPodręcznik _2DBN |
|
| 658 | _aInformatyka i technologie informacyjne | ||
| 700 | 1 |
_aTryc, Katarzyna _eTłumaczenie |
|
| 710 | 2 |
_aWydawnictwo RM _4pbl |
|
| 830 | 0 | _aProgramowanie | |
| 856 |
_uhttp://koha.tu.koszalin.pl/cgi-bin/koha/opac-detail.pl?biblionumber=45149 _yKatalog online BPK |
||
| 942 |
_2UKD _cKS |
||
| 999 |
_c45149 _d45149 |
||